书目信息 |
| 题名: |
植物保护学通论
|
|
| 作者: | 韩召军 主编 | |
| 分册: | ||
| 出版信息: | 北京 高等教育出版社 2001.08 |
|
| 页数: | 368页 | |
| 开本: | 23cm | |
| 丛书名: | ||
| 单 册: | ||
| 中图分类: | S4 | |
| 科图分类: | ||
| 主题词: | 农产品--副业 | |
| 电子资源: | ||
| ISBN: | 7-04-009553-X | |
| 000 | 00540nam0 2200193 45 | |
| 001 | 0234151546 | |
| 005 | 2002121909291146 | |
| 010 | @a7-04-009553-X@dRMB 20.10 | |
| 100 | @a20021219d2001 km y0chiy0120 ea | |
| 101 | 0 | @achi |
| 102 | @aCN@b110000 | |
| 200 | 1 | @a植物保护学通论@Azhi wu bao hu xue tong lun@f韩召军主编@Fhan zhao jun zhu bian |
| 210 | @a北京@c高等教育出版社@d2001.08 | |
| 215 | @a368页@d23cm | |
| 606 | 0 | @a农产品@x副业 |
| 690 | @aS4@v3 | |
| 701 | 0 | @a韩召军@Ahan zhao jun@4主编 |
| 801 | 0 | @aCN@bPFT@c20021219 |
| 905 | @dS4@eH100 | |
| 植物保护学通论/韩召军主编.-北京:高等教育出版社,2001.08 |
| 368页;23cm |
| ISBN 7-04-009553-X:RMB 20.10 |
| ● |
| 相关链接 |
|
|
|
正题名:植物保护学通论
索取号:S4/H100
 
预约/预借
| 序号 | 登录号 | 条形码 | 馆藏地/架位号 | 状态 | 备注 |
| 1 | 363185 | 203631855 | 自科库401/401自科库 67排2列3层/ [索取号:S4/H100] | 在馆 | |
| 2 | 363186 | 203631864 | 自科库401/401自科库 67排2列3层/ [索取号:S4/H100] | 在馆 | |
| 3 | 363187 | 203631873 | 自科库401/401自科库 67排2列3层/ [索取号:S4/H100] | 在馆 |